Estudios de derecho civil: código y dogmática en el sesquicentenario de la promulgación del Código Civil. (I) Jornadas Nacionales de Derecho Civil, Valdivia, abril de 2005

Spremljeno u:
Bibliografski detalji
Glavni autor: Varas Braun, Juan Andrés (coordinador)
Daljnji autori: Turner Saelzer, Susan (coordinador)
Format: Knjiga
Jezik:španjolski
Izdano: Santiago Legal Publishing Chile 2009
Izdanje:2a. ed
Teme:
Oznake: Dodaj oznaku
Bez oznaka, Budi prvi tko označuje ovaj zapis!

MARC

LEADER 00000nam a2200000 a 4500
001 UCG4131
003 CL-VaPUC
005 20210313002314.0
008 101007e20091200cl 1 spa d
999 |c 384582  |d 384580 
020 |a 9562386015 
040 |c Pontificia Universidad Católica de Valparaíso 
082 0 4 |a 346.83  |b VAR  |2 21 
100 1 |a Varas Braun, Juan Andrés  |e coordinador  |9 621680 
245 1 0 |a Estudios de derecho civil: código y dogmática en el sesquicentenario de la promulgación del Código Civil.  |b (I) Jornadas Nacionales de Derecho Civil, Valdivia, abril de 2005 
250 |a 2a. ed 
260 |a Santiago  |b Legal Publishing Chile  |c 2009 
300 |a 774 p 
518 |p Jornadas Nacionales de Derecho Civil, 1, Valdivia, Abril de 2005 
536 |a Universidad Austral de Chile 
546 |a En Español 
583 |a last modification  |c 20190908 07:35:02  |k Rodrigo Vera 
650 0 0 |a Derecho civil  |9 255013 
650 0 0 |a Código civil  |9 256135 
700 1 |a Turner Saelzer, Susan  |e coordinador  |9 621681 
852 |a BIBCUR 
942 |c BK  |2 ddc 
945 |a mfarfan  |d 20101007 00:00:00 
952 |0 0  |1 0  |4 0  |6 346_830000000000000_VAR_2009  |7 0  |8 A  |9 507384  |a BIBDER  |b BIBDER  |d 2020-01-23  |i 4725115  |l 5  |o 346.83 VAR 2009  |p 4725115  |r 2024-12-16  |s 2024-12-16  |w 2020-01-23  |y BK  |k DER 
952 |0 0  |1 0  |4 0  |6 346_830000000000000_VAR_2009  |7 0  |8 A  |9 507385  |a BIBDER  |b BIBDER  |d 2020-01-23  |i 4725123  |l 1  |m 5  |o 346.83 VAR 2009  |p 4725123  |q 2025-12-31  |r 2020-03-04  |s 2020-03-04  |w 2020-01-23  |y BK  |k DER